Gaming Quiz

Random Gaming or Quick Pick Quiz

Quick Pick: Card Games Quiz Stats

 Plays Quiz not verified by Sporcle

Support Sporcle.
Go Orange.
Score 0/8 Timer 01:00
3 Plays Today
% Correct
Blackjack
97.1%
Hearts
94.6%
Texas Hold'em
93.1%
Crazy Eights
90.2%
Old Maid
87.7%
Canasta
76.4%
Slapjack
74.6%
War
73.1%

You're not logged in!

Compare scores with friends on all Sporcle quizzes.
OR
Log In

From the Vault

Short People

by Hejman

Just like Jebediah Springfield said, "A noble spirit embiggens the smallest man".
Remove Ads.
Support Sporcle.
Get the best of Sporcle when you Go Orange. This ad-free experience offers more features, more stats, and more fun while also helping to support Sporcle. Thank you for becoming a member.

Show Comments

Extras

Top Quizzes Today


Score Distribution

Your Account Isn't Verified!

In order to create a playlist on Sporcle, you need to verify the email address you used during registration. Go to your Sporcle Settings to finish the process.

Report this User

Report this user for behavior that violates our Community Guidelines.

Details: